000 00674nam a2200205 4500
005 20260527141222.0
007 ta
008 260507b |||||||gr|||| 00| 0 spa d
040 _acrsjilan
_bspa
_ccrsjilan
_erda
041 0 _aspa
082 0 _a362.836 3
_bEL47c
100 1 _aEllsberg, Mary Carroll
_eautora
_9505
245 1 3 _aEl camino hacia la igualdad
264 1 _a[Lugar de publicación no identificada] :
_b[Productor de publicación no identificado] ,
_c[Fecha de publicación no identificada] :
300 _a74 páginas ;
_c27,2 cm
336 _2rdacontent
_atexto
337 _2rdamedia
_asin mediación
338 _2rdacarrier
_avolumen
942 _2ddc
_n0
_cLIBRO
999 _c446
_d446